000 00516nam a2200181Ia 4500
008 151018s9999 xx 000 0 und d
082 _bRBASDV7249
_a891.463
100 _aनंदा गुलशन
245 _aकामिनी
250 _b1
260 _bमनोरंजन प्रकाशन
_c1971
300 _a189
600 _aनंदा गुलशन
630 _aकामिनी
700 _aनंदा गुलशन
730 _aकामिनी
942 _cBOOK
999 _c1009618
_d1009615